000 00540nam a2200193Ia 4500
005 20250508163240.0
008 008 250505s9999 xx 000 0 hin d
037 _aDissertations
040 _aFEDL
_beng
_cFEDL
041 _ahin
_2eng
084 _a372, PAN/DI
_qFEDL
100 _aPandey Beena
_9531820
245 0 _aAlmora shetra me prathmik shiksha ka sarvekshan
260 _c1985
300 _a46p.
546 _aM. Ed. Dissertation (Kumau University)
942 _cDIS
_h372, PAN/DI
999 _c1381767
_d1381767